000 00299nam a22001337a 4500
008 170608b xxu||||| |||| 00| 0 eng d
020 _a9781557861474
041 _aeng
080 _a32
100 _a18
101 _aSHP
245 _aA HISTORY OF MODERN THOUGHT
_cMONK.I.H
942 _2udc
_cBK
999 _c16457
_d16457